Implementácia politiky sociálnej inklúzie vo vysokoškolskom vzdelávaní – povinnosť alebo príležitosť?
Analýza teoretických prístupov k vymedzeniu problematiky sociálnej inklúzie v terciárnom vzdelávaní, aktuálnych úloh marketingu vo vysokoškolskom vzdelávaní a identifikovanie aktuálnych trendov a výziev najmä v súvislosti s novými trendmi na trhu vysokoškolského vzdelávania v kontexte stratégií soci...
Saved in:
| Main Author: | |
|---|---|
| Format: | Book Chapter |
| Language: | Slovak |
| Subjects: | |
| Tags: |
No Tags, Be the first to tag this record!
|
MARC
| LEADER | 00000nla a2200000 4500 | ||
|---|---|---|---|
| 001 | 0229345 | ||
| 005 | 20240502073757.4 | ||
| 041 | 0 | |a slo | |
| 044 | |a SK | ||
| 245 | 1 | 0 | |a Implementácia politiky sociálnej inklúzie vo vysokoškolskom vzdelávaní – povinnosť alebo príležitosť? |c Eva Bikárová |
| 520 | |a Analýza teoretických prístupov k vymedzeniu problematiky sociálnej inklúzie v terciárnom vzdelávaní, aktuálnych úloh marketingu vo vysokoškolskom vzdelávaní a identifikovanie aktuálnych trendov a výziev najmä v súvislosti s novými trendmi na trhu vysokoškolského vzdelávania v kontexte stratégií sociálnej inklúzie najmä na európskej úrovni. Výsledkom kritického zhodnotenia informácií z prístupných zdrojov je potvrdenie aktuálnej potreby realizácie marketingu vysokoškolskými inštitúciami a identifikovanie nových možností a cieľových skupín vysokých škôl najmä z perspektívy nutnosti aplikovania politík sociálnej inklúzie. | ||
| 610 | 2 | 0 | |a školy vysoké |
| 610 | 2 | 0 | |a vzdelávanie vysokoškolské |
| 610 | 2 | 0 | |a vzdelávanie terciárne |
| 610 | 2 | 0 | |a stratégia marketingová |
| 610 | 2 | 0 | |a plánovanie |
| 610 | 2 | 0 | |a začlenenie sociálne |
| 610 | 2 | 0 | |a hospodárstvo trhové |
| 100 | 1 | |a Bikárová, Eva | |